| 000 | 00873nam a22001577a 4500 | ||
|---|---|---|---|
| 999 |
_c61151 _d61151 |
||
| 005 | 20231225143917.0 | ||
| 008 | 231225s1962 ru ||||| |||| 00| 0 rus d | ||
| 041 | _arus | ||
| 080 | _a902.6 A-38 | ||
| 245 |
_aАрхеологические экспедиции Государственной академии истории материальной культуры и Института археологии Академии наук СССР 1919-1956 гг. : _bУказатель / _cАкадемия наук СССР, Институт археологии. |
||
| 264 |
_aМосква : _b Издательство Академии наук СССР, _c1962. |
||
| 300 |
_a264 с. ; _b20 см |
||
| 653 | _aარქეოლოგია | ||
| 710 |
_aАкадемия наук СССР. _dИнститут археологии. _920872 |
||
| 942 |
_2udc _cᲬᲘᲒᲜᲘ |
||